| 000 | 00838nam a2200253Ia 4500 | ||
|---|---|---|---|
| 003 | GCL | ||
| 008 | 140319s9999 xx 000 0 ara d | ||
| 040 |
_aGCL / _cGCL |
||
| 082 | 0 | 4 |
_a320.11 _bص م |
| 100 | 1 | _aصالح زهرالدين | |
| 245 | 1 | 0 |
_aمشروع اسرائيل الكبرى بين الديموغرافيا والنفط والمياه / _cصالح زهرالدين |
| 300 | _a310 ص | ||
| 490 |
_aالهيئة العامة للاستعلامات _v0 |
||
| 650 | 0 | 4 | _aالنزاع العربى الاسرائيلى |
| 650 | 0 | 4 | _aفلسطين |
| 650 | 0 | 4 | _aالسياسة الدولية |
| 650 | 0 | 4 | _aالبترول |
| 650 | 0 | 4 | _aلبنان |
| 650 | 0 | 4 | _aتركيا |
| 650 | 0 | 4 | _aالصهيونية |
| 650 | 0 | 4 | _aالحدود الجغرافية |
| 650 | 0 | 4 | _aالمياه الاقليمية |
| 942 |
_2ddc _cBK |
||
| 999 |
_c49229 _d49229 |
||